000 00620cam a22001815a 4500
001 L155853
008 120418s1838 xxk f 000 0 eng d
035 _a(Sirsi) u155853
041 0 _aeng
100 1 _aTooke, Thomas
_d1774-1858
245 0 2 _aA history of prices
_band of the state of the circulation, from 1793 to 1837 : proceeded by a brief sketch of the state of the corn trade in the last two centuries ...
260 _aLondon
_bLongman
_c1838
300 _a2 v.
_c23 cm.
583 _aCondition reviewed
_c20120620
_lcondition level 4
651 4 _aGreat Britain
_y1707-
690 _aRural
_96268
942 _n0
999 _c113875
_d113875